Nákladní doprava a zasílatelství

Saved in:
Bibliographic Details
Main Author: Novák, Radek
Format: Book
Language:Czech
Published: Praha ASPI 2005
Edition:2. přeprac. vyd.
Subjects:
Tags: Add Tag
No Tags, Be the first to tag this record!

MARC

LEADER 00000nam$a2200000$$$4500
001 0073949
005 20240311131018.5
020 |a 80-7357-086-6 
041 0 |a cze 
044 |a CZ 
245 1 0 |a Nákladní doprava a zasílatelství  |c Radek Novák ... [et al.] 
250 |a 2. přeprac. vyd. 
264 1 |a Praha  |b ASPI  |c 2005 
300 |a 412 s. 
610 2 0 |a doprava nákladná 
610 2 0 |a doprava 
610 2 0 |a politika dopravná 
610 2 0 |a doprava cestná nákladná 
610 2 0 |a doprava železničná nákladná 
610 2 0 |a logistika 
610 2 0 |a reťazce logistické 
610 2 0 |a služby logistické 
610 2 0 |a preprava 
610 2 0 |a zasielateľstvá 
610 2 0 |a zasielatelia 
610 2 0 |a telematika 
100 1 |a Novák, Radek